Statistics for Scottish Professional Football League

Click here to take the quiz!

General Stats

  • This quiz has been taken 195 times
    (89 since last reset)
  • The average score is 32 of 42

Answer Stats

Answer% Correct
Rangers
100%
Celtic
98%
Aberdeen
95%
St Mirren
93%
Heart Of Midlothian
93%
Kilmarnock
91%
Motherwell
91%
St Johnstone
91%
Dundee
91%
Dundee United
91%
Hibernian
88%
Inverness Caledonian Thistle
86%
Hamilton Academical
86%
Livingston
84%
Ayr United
81%
Dunfermline Athletic
81%
Raith Rovers
79%
Queen Of The South
79%
Partick Thistle
79%
Falkirk
77%
Edinburgh City
77%
Ross County
77%
Greenock Morton
74%
Brechin City
74%
Arbroath
74%
Queen's Park
72%
Stirling Albion
72%
East Fife
72%
Alloa Athletic
72%
Elgin City
70%
Dumbarton
65%
Stenhousemuir
65%
Airdrieonians
63%
Stranraer
63%
Clyde
63%
Cowdenbeath
63%
Montrose
63%
Albion Rovers
60%
Forfar Athletic
60%
Annan Athletic
60%
Cove Rangers
56%
Peterhead
53%

Score Distribution

Percentile by Number Answered

Percent of People with Each Score

Your Score History

You have not taken this quiz since the last reset